000 04056cam a22007454i 4500
003 PE-LiUPU
005 20250731170411.0
008 151127s2010 sp a rb 000 0 spa d
020 _a8497566912
020 _a9788497566919
035 _a(Sirsi) i9788497566919
040 _aPE-LiUPU
_bspa
_cPE-LiUPU
_erda
049 _aPRUA
082 0 4 _a155.32
_bC13
082 0 4 _a155.32
_bC13 2010
100 1 _aCabello Santamaría, Francisco,
_eautor.
245 1 0 _aManual de sexología y terapia sexual /
_cFrancisco Cabello Santamaría.
264 1 _aMadrid :
_bEditorial Síntesis,
_c2010.
300 _a370 páginas :
_bilustraciones ;
_c24 centímetros
336 _atext
_2rdacontent
337 _aunmediated
_2rdamedia
338 _avolume
_2rdacarrier
490 0 _aManuales de psicología ;
_v9
504 _aBibliografía : páginas 351-370.
505 0 _aAspectos psicosociobiológicos de la sexualidad -- Introducción a la sexología -- Respuesta sexual femenina -- Respuesta sexual masculina -- Sexualidad y ciclo vital -- Variabilidad en la expresión de la sexualidad -- Orientación sexual: homosexualidad, lesbianismo y bisexualidad -- Trastornos de la sexualidad -- Clasificación y evaluación de los trastornos de la sexualidad -- Deseo sexual hipoactivo del hombre -- Disfunción eréctil -- Eyaculación precoz -- Trastornos del orgasmo masculino -- Deseo sexual hipoactivo de la mujer -- Aversión al sexo y trastorno de la excitación -- Trastornos por dolor: vaginismo y dispareunia -- Anorgasmia femenina -- Sexualidad y enfermedad crónica -- Afrodisíacos, drogas y sexualidad -- Transexualismo.
526 _aSEG68
526 _aSEG70
526 _aSEG69
526 _aSEG67
526 _aSEG43
526 _aP144
526 _aP143
526 _aP131
526 _aP122
526 _aP120
526 _aP117
526 _aP112
526 _aP110
526 _aP106
526 _aP101
526 _aP80
526 _aP59
526 _aP54
526 _aP35
526 _aP33
526 _aP30
541 _g001-003030;
541 _g0020-0000823;
541 _g001-003179;
_FJ00449.
541 _FJ12915.
650 0 4 _aSexología.
910 _ardg
_bjck
_crdg
_d20151127
910 _armch
_btqv
_cwelc
_d20160603
942 _2ddc
_cBOOK
949 _a155.32 C13 2010
_wDEWEY
_c1
_iFJ00343
_lCCODEBUJ1
_mBUJ
_p51.05
_r0
_sY
_tBOOK
_u2016-6-3
_xSALUD
_PP33
_0COMPRA
_o.STAFF. Colección General Juliaca
949 _a155.32 C13 2010
_wDEWEY
_c2
_iFJ00449
_lCCODEBUJ1
_mBUJ
_p50.05
_r0
_sY
_tBOOK
_u2016-6-28
_xSALUD
_PP33
_0COMPRA
_o.STAFF. Colección General Juliaca
949 _a155.32 C13 2010
_wDEWEY
_c2
_iFJ12915
_lCCODEBUJ1
_mBUJ
_p50.05
_r0
_sY
_tBOOK
_u2016-6-28
_xSALUD
_PP33
_0COMPRA
_o.STAFF. Colección General Juliaca
949 _a155.32 C13
_wDEWEY
_c1
_i72238
_lCCODEBUL1
_mBUL
_n4
_p50.00
_r0
_sY
_tBOOK
_u2015-11-27
_xSALUD
_PP33
_0COMPRA
_o.CIRCNOTE. El documento es muy costoso.
_o.STAFF. Colección General
994 _aC0
_bPEPRU
596 _a1 3
999 _a155.32 C13
_wDEWEY
_c8008
_i72238
_d8008
_e2019-10-6
_f2021-11-3
_g5
_lCCODEBUL1
_mBUL
_n13
_p50.00
_q7
_r0
_sY
_tBOOK
_u2015-11-27
_xSALUD
_PP33
_0COMPRA
_o.CIRCNOTE. El documento es muy costoso.
_o.STAFF. Colección Ciencias de la Salud
999 _a155.32 C13 2010
_wDEWEY
_c1
_iFJ00343
_d2019-11-13
_e2018-10-28
_f2022-1-17
_g6
_lCCODEBUJ1
_mBUJ
_n7
_p51.05
_q5
_r0
_sY
_tBOOK
_u2016-6-9
_xSALUD
_PP33
_0COMPRA
_o.STAFF. Colección General Juliaca
999 _a155.32 C13 2010
_wDEWEY
_c2
_iFJ00449
_d2019-10-28
_e2019-10-7
_f2022-1-17
_g4
_lCCODEBUJ1
_mBUJ
_n4
_p50.05
_q6
_r0
_sY
_tBOOK
_u2016-6-28
_xSALUD
_PP33
_0COMPRA
_o.STAFF. Colección General Juliaca
999 _a155.32 C13 2010
_wDEWEY
_c3
_iFJ12915
_d2019-11-13
_f2022-1-17
_g2
_lCCODEBUJ1
_mBUJ
_p51.05
_q2
_r0
_sY
_tBOOK
_u2019-7-31
_xSALUD
_PP33
_0COMPRA
_o.STAFF. Colección General Juliaca
980 _81
_gALBERTO SANCHEZ Responsable de Automatización